000 00684nam a2200217Ia 4500
001 10214
003 GE_BSU
008 181216s||||||||xx |||||||||||||| ||und||
040 _cGE_BSU
080 _a821.353.1–32
100 _aსულიაშვილი,დავით
245 _aაღსრულდა.მოთხრობები
245 _cრედ.ნ.არჯევანიძე. მხატვ. შ.თელია
260 _aთბილისი
260 _bნაკადული
260 _c1970
300 _a271გვ.ილ.20სმ.
653 _aაღსრულდა.
653 _aმოთხრობები
942 _cBK
999 _c43483
_d43483